000
00316nam a2200133Ia 4500
003
OSt
005
20240108142241.0
008
170523s9999 xx 000 0 und d
020
_a
9780195672237
040
_c
IIMTU
100
_a
Gilmartin-Philip M
245
0
_a
Molecular Plant Biology(Vol.I & II)
942
_2
ddc
_c
02
999
_c
11040
_d
11040